000
00296nam a22001337a 4500
008
171004b xxu||||| |||| 00| 0 eng d
020
_a
9781292021294
041
_a
eng
080
_2
12TH
_a
159.9
100
_a
48
101
_a
PSI
245
_a
EDUCATIONAL PSYCHOLOGY
_c
GATE.E
942
_2
udc
_c
BK
999
_c
31815
_d
31815